Statystyki dla Rozpoznaj znanych Dawidów.

Kliknij tutaj aby rozwiązać quiz!

Ogólne statystyki

  • Ten quiz został rozwiązany 74 razy
  • Średni wynik to 4 z 12

Statystyki odpowiedzi

Odpowiedź% Poprawnych
Dawid Podsiadło
96%
Dawid Kwiatkowski
88%
Dawid Kubacki
84%
Dawid Kownacki
36%
Dawid Woliński
32%
Dawid Konarski
26%
Dawid Ogrodnik
23%
Dawid Celt
10%
Dawid Fazowski (Faza)
9%
Dawid Czupryński
3%
Dawid Bas
0%
Dawid Grabowski
0%

Rozkład punktacji

Percentyl według liczby udzielonych odpowiedzi

Procent ludzi z każdym wynikiem

Twoja historia wyników

Nie rozwiązałeś tego quizu